Interpersonálne vzťahy učiteľ - žiak vo vzdelávaní /

Main Author: Gál, Jozef
Language: Slovak
Published: Banská Bystrica : Metodické centrum, 1996
Edition: Vyd. 2.
Physical Description: 20 s. : il. ; 20 cm
Book
Saved in:
LEADER 00907nam a2200253 a 4500
001 000095472
003 CZ BrMZK
005 20020522073709.0
008 960707s1996 xo f slo d
020 |a 80-8041-107-7 
040 |a BOA001  |b cze 
080 |a 37.015.3  |2 MRF 
100 1 |a Gál, Jozef  |7 mzk2008469273  |4 aut 
245 1 0 |a Interpersonálne vzťahy učiteľ - žiak vo vzdelávaní /  |c Jozef Gál 
250 |a Vyd. 2. 
260 |a Banská Bystrica :  |b Metodické centrum,  |c 1996 
300 |a 20 s. :  |b il. ;  |c 20 cm 
500 |a Bibliogr. s. 20 
653 0 |a vyučování  |a školní problémy 
910 |a BOA001  |b PK-0126.072 
964 |a Učitelé  |x žáci  |x vztahy 
990 |a BK 
996 7 |b 3119005242  |c PK-0126.072  |l MZK  |r Sklad / do 1 hodiny  |n 19  |p dar  |w 000095472  |u 000010  |a 1  |e BOA001  |j MZK50  |s A 
996 7 |b 3119005341  |c PK-0126.072  |l MZK  |r Sklad / do 1 hodiny  |n 11  |p dar  |w 000095472  |u 000020  |a 1  |e BOA001  |j MZK50  |s A